000
00316nam a2200121Ia 4500
003
GCL
008
140319s9999 xx 000 0 ara d
040
_a
GCL /
_c
GCL
082
0
4
_a
ط
_b
813.02
_b
ن ع
100
1
_a
نهاد جاد
245
1
0
_a
العصفور والوطواط /
_c
نهاد جاد
490
_a
100 قصة
_v
0
999
_c
46117
_d
46117